LEADER 01363nam a2200301 u 4500 001 000000064184 003 CaOOAMICUS 005 20070226121328.0 008 011114s1999 it a u000 u ita u 020 $a8831518119 035 $a10909905 040 $aPUL$bita 100 1 $aGelsomino Drago, Carmela.$0(OLS)http://pul/name/43416 245 13$aIl Padre nostro :$bla dimensione sociale della preghiera di Gesù /$cCarmela Gelsomino Drago ; prefazione di mons. A. Comastri. 260 $aMilano :$bPaoline,$cc1999. 300 $a266 p., [1] c. di tav. :$bill. ;$c24 cm 490 1 $aCammini nello Spirito.$aMeditazione ;$v20 500 $aComprende riferimenti bibliografici e indice. 650 4$aPreghiera.$0(OLS)http://pul/subject/997 700 1 $aComastri, Angelo,$ccard.$0(OLS)http://pul/name/41900 830 0$aCammini nello Spirito.$pMeditazione ;$v20.$0(OLS)http://pul/title/85531 850 $aPUL 852 $aPUL$W1$xSL Religione 2$y84$mRH A 27$j83246$nBK-PRI$b $qStampati altre collocazioni$B83246$CPULBib$Z2$F83246 $H $81 941 1 $a10 961 $aINV: 86016 996 $6020$a8831518119$9(OLS)http://pul/number/83306 996 $6245$aIl Padre nostro :$bla dimensione sociale della preghiera di Gesù$9(OLS)http://pul/title/85530 996 $6260$aMilano :$bPaoline$9(OLS)http://pul/publisher/60808 LEADER 01268nam a2200289 u 4500 001 000000081219 003 CaOOAMICUS 005 20070226123730.0 008 050316s2005 gw u000 u eng u 020 $a3161484444 035 $a11034616 040 $aPUL$bita 100 1 $aLindgård, Fredrik.$0(OLS)http://pul/name/54152 245 10$aPaul's line of thought in 2 Corinthians 4:16-5:10 /$cFredrik Lindgård. 260 $aTübingen :$bMohr Siebeck,$cc2005. 300 $axi, 282 p. ;$c23 cm 490 1 $aWissenschaftliche Untersuchungen zum Neuen Testament.$aReihe 2 ;$v189 500 $aInclude indici. 504 $aBibliografia p. [227]-254. 630 04$aBiblia.$pN.T.$pAd Corinthios.$0(OLS)http://pul/subject/19956 830 0$aWissenschaftliche Untersuchungen zum Neuen Testament.$nReihe 2,$x03409570 ;$v189.$0(OLS)http://pul/title/264 850 $aPUL 852 $aPUL$W1$xSL Religione 1$y3$m16 I 189$j103646$nBK-PRI$b $qStampati$B103646$CPULBib$Z2$F103646 $HPUL97524 $81 941 1 $a8 996 $6020$a3161484444$9(OLS)http://pul/number/107563 996 $6245$aPaul's line of thought in 2 Corinthians 4:16-5:10$9(OLS)http://pul/title/106247 996 $6260$aTübingen :$bMohr Siebeck$9(OLS)http://pul/publisher/52004